| 000 | 00530cas a2200157 4500 | ||
|---|---|---|---|
| 008 | 100615n eng u | ||
| 022 | _a0371-7208 | ||
| 035 | _a(Sirsi) a170076 | ||
| 050 | _aQE1.G488 | ||
| 245 | _aTransactions Of The Geological Society Of South Africa. | ||
| 260 |
_aJohannnesburg _b Geological Society of South Africa _c 1986. |
||
| 310 | _aAnnually. | ||
| 262 | _aVol.77, No.3, 1974 - Vol.89, No.2, 1986. | ||
| 520 | _aIt contains information about Soft-sediment deformation structures. | ||
| 650 | _aGeology. | ||
| 999 |
_c9190 _d9190 |
||